| 000 | 00442 a2200157 4500 | ||
|---|---|---|---|
| 020 | _a9788189757120 | ||
| 040 |
_aDLC _bDLC |
||
| 082 | _a004.165 | ||
| 100 | _aSampath K Venkatesh | ||
| 245 |
_a8051 Microcontroller and embedded systems _cSampath K Venkatesh |
||
| 260 |
_aNew Delhi _bKatsons Book _cc 2006. |
||
| 300 |
_axiv, 493.: _c25 cm. |
||
| 650 | _aIntel 8051 (computer) | ||
| 700 | _aSampath K Venkatesh | ||
| 942 |
_cBK _k004.165 VEN _2ddc |
||
| 999 |
_c10621 _d10621 |
||